000 00936cam a22003251a 4500
001 105688
005 20230410132918.0
008 861204s2010 sp 000 0 spa
035 _9(DLC) 30033476
035 _a8748383
010 _a30033476
035 _a(OCoLC)14921620
040 _aDLC
_cFTaSU
_dFTaSU
_dDLC
041 1 _aspa
_hlat
049 _aGRAL
050 1 4 _aB 128
_bG752con 2010
082 0 0 _a270.2/092
100 1 _aAugustín, Santo, Obispo de Hipona
130 1 _aGrandes obras del pensamiento.
245 1 0 _aConfesiones /
_cSan Agustín.
260 _aMadrid :
_bEl País,
_c2010.
300 _a541 p.:
_bill. ;
_c19 cm.
500 _aTraducido del idioma original: confessiones.
440 0 _aGrandes obras del pensamiento.
600 1 0 _aSan Agustín
_zFrancia
_xfilosofía.
610 1 0 _aCatholic church
653 0 _aCristianismo
_aphilosofía.
942 _2lcc
_cbk
985 _eOCLC REPLACEMENT
999 _c90058
_d90058